Quizzes
Events
Quiz Creation
Community
Videos
Private Events
Remove Ads
Sign In
Join for FREE
Feedback
Dark Mode
Quiz Categories
Sports
Geography
Music
Movies
Television
Just For Fun
Miscellaneous
History
Literature
Language
Science
Gaming
Entertainment
Religion
Holiday
For Kids
Quiz Lab
Recent
Popular Today
Quiz Kudos Today
Editor Picks
Curator Picks
Quizzes by...
Day
Popularity
Type
Ratings
Length
Year
Community
Subscriptions
Recent Discussions
Orange Saloon
Badges
Playlists
Quests
Create
Leaderboards
Showdown
Live 5
Trivia Bingo
Activity
Puzzle Library
Sporcle Events
Private Events
Virtual Trivia
Globe League
Become a Host
Pub Owners
SporcleCon
Opinionation
Our Games
Videos
Blog
Mobile Apps
Partnerships
Remove Ads and Go Orange
Feedback
Entertainment
Celebrity
Famous
Musical
Broadway
Show
Quote
Comic Books
Anime
Superhero
DC Comics
Marvel
Cartoons
Animation
Entertainment
Celebrity
Famous
Musical
Broadway
Show
Quote
Comic Books
Anime
Superhero
DC Comics
Marvel
Cartoons
Animation
Random Quiz
Search Sporcle
×
Quiz Lab
Quiz Lab
Entertainment
Famous
Type in answers that appear in a list
Type in answers that appear in a list
Classic
Best Score? Go Orange.
What connects them? Stats
Can you name the common factor connecting these people?
By
sufradley
6m
20 Questions
345 Plays
345 Plays
345 Plays
Comments
Comments
Give Quiz Kudos
Give Quiz Kudos
-
- Ratings
hide this ad
Replay
Link that replays current quiz
Next Quiz
Link to next quiz in quiz playlist
You Got
0%
They Got
Avg Score
26%
Avg Friend Score
Upgrade to see
Score Distribution
Jump to the score distribution portion of the page
Score
0/20
Timer
06:00
0
Plays Today
Connected People
What connects them?
% Correct
Anne Boleyn, Jane Seymour, Catherine Parr
Wives of Henry VIII
65.2%
Hercule Poirot, Sherlock Holmes, Adam Dalgliesh
Fictional detectives
55.1%
Theodore Roosevelt, Ulysses S. Grant, Richard Nixon
Presidents of the United States
54.5%
Barack Obama, Desmond Tutu, Aung San Suu Kyi
Nobel Peace Prize laureates
42%
Clark Kent, Bruce Wayne, Peter Parker
Superhero alter egos
38.8%
Geri Halliwell, Elizabeth I, Beaker
Redheads
31.9%
Claude Monet, Pierre-
Auguste Renoir, Paul Cézanne
French Impressionist painters
29.9%
Jimi Hendrix, Jim Morrison, Amy Winehouse
Musicians that died aged 27
29.3%
Ian Stewart, Mick Jagger, Brian Jones
Members of the Rolling Stones
27.5%
Rosalind Franklin, James D. Watson, Francis Crick
Scientists responsible for the discovery of the structure of DNA
24.6%
Connected People
What connects them?
% Correct
Neil Armstrong, Buzz Aldrin, Eugene Cernan
Apollo astronauts who walked on the Moon
23.8%
Sirimavo Bandaranaike, Margaret Thatcher, Julia Gillard
Female Prime Ministers
21.4%
Alf Ramsey, Bobby Robson, Sven-
Goran Eriksson
England national football team managers
21.4%
Francis Ford Coppola, Peter Jackson, Ang Lee
Academy Award Winners for Best Director
19.1%
Sammy Davis Jr., Gordon Brown, Horatio Nelson
Monocular blindness
18%
Michael Schumacher, Sebastian Vettel, Alain Prost
Formula One World Drivers' Champions
15.4%
Usain Bolt, Asafa Powell, Maurice Greene
100m World Record Holders
7.5%
Joseph Fiennes, Scarlett Johansson, Alanis Morissette
Have twin brothers
1.7%
Albert Einstein, Charles Darwin, Igor Stravinsky
Married their first cousins
1.4%
Albert Einstein, Winston Churchill, Stevie Wonder
Born prematurely
0.6%
Quiz Playlist
Details
Report
Send in Message
Add To Playlist
Classic:
Type in answers that appear in a list
Last Updated: Feb 16, 2017
Quiz Scoreboard
CHALLENGE
Sign Up to Join the Scoreboard
Show All
Scores
Hide
Comments
May contain spoilers
Recently Published
Click the 1999 NBA Draft
by nibperrychub
Sports
2m
Alphabetical 'K' Countries by Flag Minefield
by ylime102
Geography
3m
Pick 6: Fruits
by JohnFran
Miscellaneous
15s
More to Explore
Quiz From the Vault
Featured Blog Post
15 Basketball Trivia Facts You Can Be March Mad About
hide this ad
You Might Also Like...
Tags
Celebrity Quiz
Famous Quiz
connect
Connected
connection
Famous People
link
Linked
Today's Top Quizzes in Entertainment
Browse Entertainment
hide this ad
Today's Top Quizzes in Famous
Browse Famous
Top Contributed Quizzes in Entertainment
1
Marvel, Role-Playing, Shakespeare, and Cats, Oh My!
2
Picture Click Blitz: Snow White
3
Criteria Comics (DC vs. Marvel)
4
Double Word Hourglass: Comic Book Publishers
5
Comic Character by Cover Artist Pt 490 (Billy Tan)
6
Click the Fictional Jane
7
Click the Fictional Jill
8
The Joker Actors by Order
9
Marvel Picture Find: Capcom
10
Click the Fictional John
Explore More
Trending Topics
Marvel
Harry Potter
Anime
NBA
Disney
Kpop
Crossword
Soccer
Song
Country
NFL
WWE
Puzzle
Pokémon
The Office
hide this ad
More By:
sufradley
Quiz
Plays
Rating
Category
Featured
Created
Movie Time
1,591,789
4.31
Movies
Feb 17, 2013
Song Time
610,133
4.48
Music
Feb 22, 2013
Baby Beasts
355,229
4.37
Science
Dec 26, 2010
Movie Time II
256,918
4.49
Movies
May 27, 2013
Baby Beasts II
198,031
4.32
Science
Feb 21, 2011
Go to Creator's Profile
Score Distribution
Quiz Creator Spotlight
sufradley
Follow
Send a Message
Quizzes Created
-
Created Quiz Play Count
-
More By This Creator
Popular Quizzes Today
1
Find the US States - No Outlines Minefield
2
Countries of Asia Without Outlines Minefield
3
Pick 6: Fruits
4
The Countries of the World
5
Alphabetical 'K' Countries by Flag Minefield
6
Click the 1999 NBA Draft
7
Find the US States
8
Match the Book to the Film X
More Entertainment Quizzes
Calvin and Hobbes: Calvin's Alter Egos
Published
Trending Quizzes
Pick 6: Harry Potter
Pick 6: Mountains
Pick 6: NFL Teams
Pick 6: Movie Franchises
Pick 6: Golfers
Recently Updated
Women's Final Four Teams by Year
bhenderson79
Presidents Quartet II
eogle
Anything But Clue(do)
eogle
Anything But Oceanian Capitals
eogle
Anything But 7
eogle
Anything But Thing
eogle
Word Ladder: February 29
pecheneg
Song Title Questions
pecheneg
Women's NCAA Tournament #1 Seeds
pecheneg
Celebrity Mug Shots
pecheneg
Trending Topics
Crossword
Marvel
NBA
Kpop
Anime
Disney
Harry Potter
WWE
Soccer
Song
Country
Puzzle
Pokémon
The Office
NFL
Your Account Isn't Verified!
In order to create a playlist on Sporcle, you need to verify the email address you used during registration. Go to your
Sporcle Settings
to finish the process.
Report this User
Report this user for behavior that violates our
Community Guidelines
.
Details:
Send Report
Go to the Sporcle.com Mobile Site →
Comments